| 000 | 00448nam a2200169Ia 4500 | ||
|---|---|---|---|
| 003 | GCL | ||
| 008 | 140319s9999 xx 000 0 eng d | ||
| 040 |
_aGCL / _cGCL |
||
| 082 | 0 | 4 |
_a3330.9 _bW W |
| 245 | 1 | 0 | _aWORLD DEVELOPMENT INDICATORS 2003 |
| 260 |
_aنيويورك : _bTHE WORLD BANK ، _c2003 |
||
| 300 |
_a32 CM ؛ _cMULTI |
||
| 650 | 0 | 4 | _aSOCIAL CONDITIONS |
| 650 | 0 | 4 | _aWORLD ECONOMIC |
| 650 | 0 | 4 | _aDEVELOPMENT ECONOMICS |
| 942 |
_2ddc _cBK |
||
| 999 |
_c5812 _d5812 |
||